UBT Library

Privatizing the public sector : (Record no. 39764)

000 -LEADER
fixed length control field 00654pam a2200229 a 4500
001 - CONTROL NUMBER
control field 2804776
005 - DATE AND TIME OF LATEST TRANSACTION
control field 20180104083607.0
008 - FIXED-LENGTH DATA ELEMENTS--GENERAL INFORMATION
fixed length control field 820305s1982 njua b 001 0 eng
010 ## - LIBRARY OF CONGRESS CONTROL NUMBER
LC control number 82004207
020 ## - INTERNATIONAL STANDARD BOOK NUMBER
International Standard Book Number 0934540152 :
Terms of availability $15.00
020 ## - INTERNATIONAL STANDARD BOOK NUMBER
International Standard Book Number 0934540144 (pbk.) :
Terms of availability $8.95
040 ## - CATALOGING SOURCE
Original cataloging agency DLC
Transcribing agency DLC
Modifying agency DLC
041 ## - LANGUAGE CODE
Language code of text/sound track or separate title eng
080 ## - UNIVERSAL DECIMAL CLASSIFICATION NUMBER
Universal Decimal Classification number 353..073 EMA
082 00 - DEWEY DECIMAL CLASSIFICATION NUMBER
Classification number 353..073 EMA
Edition number 19
100 1# - Rafti
Rafti 18
101 ## - Shkurtesa
Shkurtesa POL
245 10 - TITLE STATEMENT
Title Privatizing the public sector :
Statement of responsibility, etc E.S. Savas.
504 ## - BIBLIOGRAPHY, ETC. NOTE
Bibliography, etc Includes bibliographical references and index.
906 ## - LOCAL DATA ELEMENT F, LDF (RLIN)
a 7
b cbc
c orignew
d 1
e ocip
f 19
g y-gencatlg
942 ## - ADDED ENTRY ELEMENTS (KOHA)
Source of classification or shelving scheme
Item type Books
Holdings
Withdrawn status Lost status Source of classification or shelving scheme Damaged status Not for loan Permanent location Current location Date acquired Total Checkouts Full call number Barcode Date last seen Price effective from Koha item type
          UBT - Lipjan UBT - Lipjan 01/04/2018   353..073 EMA 002-2994764 01/04/2018 01/04/2018 Books
UBT Library © 2015-2024. All rights reserved University Education for Business and Technology